[Event "Cto. de Aragón Veteranos 2018"]
[Site "?"]
[Date "2018.05.26"]
[Round "6"]
[White "Gonzalez, Jose Julian"]
[Black "Ruiz, Jose Manuel"]
[Result "1-0"]
[WhiteElo "2036"]
[BlackElo "1723"]
[PlyCount "31"]

1. b3 e5 2. Bb2 Nc6 3. e3 Nf6 4. Bb5 Bd6 5. Ne2 a6 6. Bxc6 dxc6 7. O-O O-O 8.
f4 exf4 9. Nxf4 Bg4 10. Bxf6 Qxf6 11. Qxg4 Qxa1 12. Nc3 Qb2 13. Nh5 g6 14. Nf6+
Kg7 15. Qd4 Rfd8 16. Ne8+ 1-0

[Event "Cto. de Aragón Veteranos 2018"]
[Site "?"]
[Date "2018.05.26"]
[Round "6"]
[White "Lorente, Antonio"]
[Black "Edeso, Francisco"]
[Result "0-1"]
[WhiteElo "1648"]
[BlackElo "1834"]
[PlyCount "56"]

1. e4 c5 2. d4 cxd4 3. c3 d6 4. cxd4 e6 5. Nf3 Nf6 6. Bd3 Be7 7. O-O O-O 8. Nc3
Nc6 9. a3 Bd7 10. Re1 Rc8 11. h3 a6 12. Ne2 b5 13. b4 h6 14. Bb2 Qb6 15. Rc1
Rfd8 16. Ng3 Be8 17. Qe2 Qb8 18. Nh2 Qb6 19. Nf3 Qb8 20. Nh2 Qb6 21. Nf3 Na7
22. Rxc8 Rxc8 23. Rc1 Rxc1+ 24. Bxc1 Qc7 25. Bb2 Nc8 26. Qd2 Nb6 27. Qc1 Qxc1+
28. Bxc1 Nc4 0-1

[Event "Cto. de Aragón Veteranos 2018"]
[Site "?"]
[Date "2018.05.26"]
[Round "6"]
[White "Perez, Jose Maria"]
[Black "Pellicer, Rafael"]
[Result "0-1"]
[WhiteElo "1406"]
[BlackElo "1750"]
[PlyCount "96"]

1. d4 d5 2. Nf3 Nf6 3. e3 Bf5 4. Nbd2 h6 5. b3 e6 6. Bb2 Bd6 7. Be2 O-O 8. O-O
Nbd7 9. c4 Ne4 10. c5 Be7 11. b4 c6 12. Ne5 Nxe5 13. dxe5 Nxd2 14. Qxd2 b6 15.
Bd4 bxc5 16. Bxc5 Bxc5 17. bxc5 Qc7 18. f4 Rfb8 19. Bd3 Bxd3 20. Qxd3 Qa5 21.
Rfc1 Rb2 22. Rc2 Rab8 23. Qc3 Rb1+ 24. Rxb1 Rxb1+ 25. Kf2 Qxc3 26. Rxc3 Rb2+
27. Kf3 Rxa2 28. Rb3 Ra5 29. Rb8+ Kh7 30. Rb7 Kg6 31. g4 Rxc5 32. Rxa7 Rc1 33.
Ra6 f6 34. exf6 Kxf6 35. h4 Rc3 36. g5+ Kf5 37. Ra8 hxg5 38. hxg5 c5 39. Rf8+
Kg6 40. Ke2 c4 41. Rd8 Rc2+ 42. Kd1 Ra2 43. Rd6 Kf5 44. e4+ Kxe4 45. Rxe6+ Kxf4
46. Rd6 Ke5 47. Rd7 g6 48. Kc1 Rg2 0-1

[Event "Cto. de Aragón Veteranos 2018"]
[Site "?"]
[Date "2018.05.26"]
[Round "6"]
[White "Martinez, Juan"]
[Black "Arteaga, Francisco"]
[Result "1-0"]
[WhiteElo "1702"]
[BlackElo "1639"]
[PlyCount "87"]

1. e4 c5 2. Nf3 d6 3. d4 cxd4 4. Nxd4 Nf6 5. f3 a6 6. c4 Nc6 7. Be3 e6 8. Nc3
Bd7 9. Be2 Rc8 10. O-O Nxd4 11. Bxd4 Bc6 12. Qd2 Be7 13. Rad1 O-O 14. b3 Qc7
15. Qe3 Nd7 16. Qf2 Bf6 17. Bxf6 Nxf6 18. Rd3 Rfd8 19. Rfd1 Rd7 20. g4 Rcd8 21.
g5 Ne8 22. f4 f5 23. exf5 exf5 24. Bf3 g6 25. Bd5+ Kf8 26. Qd4 Bxd5 27. Nxd5
Qc5 28. Nb6 Qxd4+ 29. Rxd4 Rc7 30. Nd5 Rc6 31. Re1 Rd7 32. Rd3 Nc7 33. Nf6 Re7
34. Rxe7 Kxe7 35. Re3+ Kf7 36. Rh3 h5 37. gxh6 Ne6 38. h7 Nxf4 39. h8=Q Nxh3+
40. Kg2 Nf4+ 41. Kf3 Ne6 42. Nd5 Ng5+ 43. Ke3 Ne4 44. Qh7+ 1-0

[Event "Cto. de Aragón Veteranos 2018"]
[Site "?"]
[Date "2018.05.26"]
[Round "6"]
[White "Cortes, Cecilio"]
[Black "Moreno, Mario"]
[Result "1-0"]
[WhiteElo "1617"]
[BlackElo "1652"]
[PlyCount "39"]

1. d4 Nf6 2. Nf3 e6 3. e3 d5 4. Bd3 c5 5. b3 Nc6 6. Bb2 Bd7 7. O-O Rc8 8. Nbd2
cxd4 9. exd4 Nb4 10. Qe2 Be7 11. Ne5 O-O 12. f4 Qb6 13. Rf3 Nxc2 14. Nxd7 Nxd7
15. Bxh7+ Kh8 16. Bxc2 Nf6 17. Rh3+ Kg8 18. Bh7+ Kh8 19. Qd3 Ng4 20. Bg8+ 1-0

[Event "Cto. de Aragón Veteranos 2018"]
[Site "?"]
[Date "2018.05.26"]
[Round "6"]
[White "Lasierra, Javier"]
[Black "Garcia, Obdulio"]
[Result "1/2-1/2"]
[WhiteElo "1442"]
[BlackElo "1667"]
[PlyCount "111"]

1. e4 e5 2. Nf3 d6 3. Be2 Nf6 4. d3 Be7 5. h3 O-O 6. O-O Nc6 7. Nh2 Nd4 8. f4
Nxe2+ 9. Qxe2 c6 10. f5 h6 11. Ng4 Nxg4 12. Qxg4 Bg5 13. Nd2 Be3+ 14. Kh1 Qg5
15. Qxg5 Bxg5 16. Nf3 Bxc1 17. Raxc1 b5 18. g4 g5 19. h4 f6 20. Kg2 d5 21. Rh1
dxe4 22. dxe4 gxh4 23. Rxh4 Bb7 24. Rxh6 Kg7 25. Rg6+ Kf7 26. Rd1 Rad8 27. Rh1
Ke7 28. Rh7+ Rf7 29. Rgg7 Rdf8 30. Kf2 c5 31. Ke3 a5 32. Nd2 c4 33. c3 Rxg7 34.
Rxg7+ Rf7 35. Rxf7+ Kxf7 36. b3 cxb3 37. Nxb3 a4 38. Nc5 Bc8 39. a3 Ke7 40. Nd3
Kd6 41. Kf3 Bd7 42. Ke3 Be8 43. Kf3 Bf7 44. Ke3 Bc4 45. Nb4 Kc5 46. Kf3 Bb3 47.
Ke3 Kd6 48. Nd3 Bd1 49. Nf2 Bc2 50. Kd2 Bb1 51. Kc1 Ba2 52. Kd2 Bc4 53. Nd1 Kc5
54. Ne3 Bb3 55. Ke2 Ba2 56. Kf3 1/2-1/2

[Event "Cto. de Aragón Veteranos 2018"]
[Site "?"]
[Date "2018.05.26"]
[Round "6"]
[White "Navarro, Rafael"]
[Black "Gutierrez, Manuel"]
[Result "1-0"]
[WhiteElo "1583"]
[BlackElo "1320"]
[PlyCount "113"]

1. d4 Nf6 2. Nc3 g6 3. e4 d6 4. Bg5 Bg7 5. Bc4 e6 6. Nf3 Nbd7 7. O-O O-O 8. e5
d5 9. exf6 Bxf6 10. Bxf6 Nxf6 11. Bd3 c6 12. Ne5 Nd7 13. Qe2 Nxe5 14. Qxe5 f6
15. Qg3 Rf7 16. h4 f5 17. Ne2 Qf6 18. c3 f4 19. Qg5 f3 20. Qxf6 Rxf6 21. Ng3
Rf4 22. gxf3 Rxh4 23. Rfe1 Bd7 24. Re5 Rf4 25. Kg2 Raf8 26. Be2 Kg7 27. Re1
R8f6 28. Bd1 Kf7 29. Rh1 Kg7 30. Nf1 R4f5 31. Ne3 Rxe5 32. dxe5 Rf8 33. Ng4 h5
34. Nf6 Be8 35. Nxe8+ Rxe8 36. Bc2 Rf8 37. Rh4 Rf7 38. Kg3 b6 39. Rf4 c5 40.
Rxf7+ Kxf7 41. Kh4 d4 42. cxd4 cxd4 43. Be4 a5 44. f4 b5 45. Bd3 b4 46. b3 Kg7
47. Kg5 h4 48. Kxh4 Kh6 49. Bc4 Kg7 50. Bxe6 d3 51. Bg4 d2 52. Kg5 Kf7 53. e6+
Kg7 54. e7 Kf7 55. e8=Q+ Kxe8 56. Kxg6 Ke7 57. Kg7 1-0

[Event "Cto. de Aragón Veteranos 2018"]
[Site "?"]
[Date "2018.05.26"]
[Round "6"]
[White "Ubeda, Angel"]
[Black "Obis, Joaquin"]
[Result "1-0"]
[WhiteElo "1492"]
[BlackElo "1252"]
[PlyCount "71"]

1. Nf3 Nf6 2. d4 d5 3. e3 Bg4 4. Be2 e6 5. O-O c5 6. b3 Nc6 7. Bb2 cxd4 8. exd4
Bd6 9. Nbd2 O-O 10. Ne5 Bxe2 11. Qxe2 Qc7 12. f4 Rae8 13. c4 b6 14. Rac1 Qb7
15. cxd5 exd5 16. Qb5 Nb8 17. Rf3 Qa6 18. a4 Qxb5 19. axb5 a6 20. bxa6 Nxa6 21.
Rc6 Bc7 22. Ba3 h6 23. Bxf8 Rxf8 24. b4 Bxe5 25. fxe5 Nd7 26. b5 Nb4 27. Rd6
Rd8 28. Rg3 Kh7 29. h4 Nc2 30. Rxd5 Nb4 31. Rd6 Na2 32. Rf3 Nxe5 33. Rxd8 Nxf3+
34. Nxf3 Nc3 35. Rb8 Nxb5 36. Rxb6 1-0

[Event "Cto. de Aragón Veteranos 2018"]
[Site "?"]
[Date "2018.05.26"]
[Round "6"]
[White "Ferruz, Rafael"]
[Black "Burillo, Amelia"]
[Result "1-0"]
[WhiteElo "1351"]
[BlackElo "1296"]
[PlyCount "52"]

1. e4 c6 2. Nc3 g6 3. Nf3 Bg7 4. d4 d6 5. Be2 Nd7 6. O-O e5 7. Be3 Nh6 8. h3
O-O 9. Qd2 Re8 10. Bxh6 Bh8 11. Rad1 b5 12. a3 Bb7 13. d5 Qc7 14. dxc6 Bxc6 15.
Bxb5 Red8 16. Bxc6 Qxc6 17. Qxd6 Qb7 18. Qe7 Bf6 19. Rxd7 Bxe7 20. Rxb7 Bf6 21.
Nd5 Bg7 22. Bxg7 Kxg7 23. Nxe5 h5 24. Rxf7+ Kh6 25. f4 Rh8 26. g4 Rh7 1-0

[Event "Cto. de Aragón Veteranos 2018"]
[Site "?"]
[Date "2018.05.26"]
[Round "6"]
[White "Otal, Jose Miguel"]
[Black "Navales, Manuel"]
[Result "0-1"]
[WhiteElo "1405"]
[BlackElo "1573"]
[PlyCount "94"]

1. e4 e5 2. Nf3 Nc6 3. Bb5 a6 4. Ba4 Nf6 5. d3 d6 6. c3 Be7 7. Nbd2 b5 8. Bb3
Na5 9. Bc2 c5 10. O-O Bg4 11. Re1 O-O 12. Nf1 Nc6 13. Ne3 Be6 14. Ng5 h6 15.
Nxe6 fxe6 16. Ng4 Kh7 17. f4 exf4 18. Bxf4 e5 19. Be3 Qd7 20. Nxf6+ Rxf6 21. d4
cxd4 22. cxd4 Raf8 23. a3 Rg6 24. Bd3 Qg4 25. Re2 exd4 26. e5 dxe3 27. Bxg6+
Qxg6 28. Rxe3 Nxe5 29. Qe2 Qf5 30. Re1 Bd8 31. Kh1 Bb6 32. Re4 Qf2 33. b3 Qxe2
34. R4xe2 a5 35. h3 Bc5 36. a4 bxa4 37. bxa4 Rf2 38. Rxf2 Bxf2 39. Rb1 Bc5 40.
Rb5 Bb4 41. Kg1 Nc4 42. g4 Nb2 43. h4 Nxa4 44. Rh5 g6 45. Rb5 Nc3 46. Rb7+ Kg8
47. Kg2 Ne4 0-1

[Event "Cto. de Aragón Veteranos 2018"]
[Site "?"]
[Date "2018.05.26"]
[Round "6"]
[White "Codina, Juan"]
[Black "Lopez, Jesus"]
[Result "1-0"]
[WhiteElo "1351"]
[BlackElo "1259"]
[PlyCount "53"]

1. d4 d5 2. c4 e6 3. h3 c5 4. cxd5 Qxd5 5. Nc3 Qc6 6. Nf3 cxd4 7. Qxd4 Nd7 8.
Bf4 Ne7 9. Ne5 Nxe5 10. Bxe5 Nf5 11. Qg4 Bd7 12. e4 Nh6 13. Qg3 O-O-O 14. Bb5
Qc5 15. Bxd7+ Rxd7 16. O-O f6 17. Bf4 Bd6 18. Rac1 Bxf4 19. Qxf4 Qb6 20. Na4+
Qc7 21. Rxc7+ Rxc7 22. Rc1 Rxc1+ 23. Qxc1+ Kb8 24. a3 Nf7 25. Qc5 e5 26. Qe7
Ng5 27. Nc5 1-0

[Event "Cto. de Aragón Veteranos 2018"]
[Site "?"]
[Date "2018.06.02"]
[Round "7"]
[White "Marin, Angel Maria"]
[Black "Gonzalez, Jose Julian"]
[Result "0-1"]
[WhiteElo "1692"]
[BlackElo "2036"]
[PlyCount "106"]

1. e4 g6 2. d4 Bg7 3. Nc3 d6 4. Be3 a6 5. Qd2 b5 6. Nf3 Nd7 7. Bd3 c5 8. O-O
Bb7 9. Rad1 Rc8 10. Rfe1 c4 11. Bf1 Ngf6 12. Bh6 O-O 13. Bxg7 Kxg7 14. a3 h6
15. e5 Nd5 16. exd6 exd6 17. Nxd5 Bxd5 18. Be2 Nf6 19. c3 Re8 20. Bf1 Bxf3 21.
gxf3 Qd7 22. Rxe8 Rxe8 23. Re1 Rxe1 24. Qxe1 Qf5 25. Qe2 Qg5+ 26. Bg2 Nd5 27.
Kh1 Nf4 28. Qf1 Qf5 29. Qd1 Qd3 30. Qc1 g5 31. h4 Qe2 32. hxg5 hxg5 33. Kg1 Kf6
34. Qe3 Kg6 35. Qxe2 Nxe2+ 36. Kf1 Nf4 37. Bh1 Kf5 38. Ke1 Nd3+ 39. Kd2 Kf4 40.
Bg2 Nxb2 41. Ke2 Na4 42. Kd2 f5 43. Bh1 Nb6 44. Bg2 Nd5 45. Bh1 a5 46. Bg2 Ne7
47. Kc2 d5 48. Kd2 Nc6 49. Bh1 b4 50. axb4 axb4 51. Bg2 b3 52. Kc1 Ne7 53. Kd2
Ng6 0-1

[Event "Cto. de Aragón Veteranos 2018"]
[Site "?"]
[Date "2018.06.02"]
[Round "7"]
[White "Brosa, Jesus"]
[Black "Martinez, Juan"]
[Result "1-0"]
[WhiteElo "1939"]
[BlackElo "1702"]
[PlyCount "66"]

1. d4 Nf6 2. Nf3 e6 3. Bg5 Be7 4. e3 d5 5. Bd3 Nbd7 6. Nbd2 c5 7. c3 O-O 8. Rc1
b6 9. Qe2 Bb7 10. h3 Rc8 11. O-O h6 12. Bh4 Ne4 13. Bxe7 Qxe7 14. Ba6 Ndf6 15.
Bxb7 Qxb7 16. Nxe4 Nxe4 17. Nd2 Nxd2 18. Qxd2 Qa6 19. a3 cxd4 20. exd4 Qc4 21.
f4 a5 22. Rf3 b5 23. Rcf1 b4 24. cxb4 axb4 25. b3 Qc2 26. Qxb4 Rb8 27. Qc3 Qg6
28. f5 exf5 29. Rxf5 Rfc8 30. Qf3 Qb6 31. Rxd5 f6 32. b4 Rc4 33. Qb3 Qe6 1-0

[Event "Cto. de Aragón Veteranos 2018"]
[Site "?"]
[Date "2018.06.02"]
[Round "7"]
[White "Edeso, Francisco"]
[Black "Cortes, Cecilio"]
[Result "1-0"]
[WhiteElo "1834"]
[BlackElo "1617"]
[PlyCount "55"]

1. d4 c6 2. c4 d6 3. Nc3 Nd7 4. Nf3 Qc7 5. Bg5 e5 6. e3 Ngf6 7. Be2 Be7 8. O-O
O-O 9. Rc1 b6 10. b4 Bb7 11. a4 Qd8 12. Qb3 Rb8 13. Rfd1 d5 14. Nd2 e4 15. Bf4
Rc8 16. b5 a5 17. bxc6 Bxc6 18. cxd5 Bb4 19. dxc6 Rxc6 20. Ncxe4 Qa8 21. Nxf6+
Nxf6 22. Bf3 Rfc8 23. Rxc6 Rxc6 24. Ne4 Qc8 25. Ng5 Re6 26. Nxe6 fxe6 27. h3 h6
28. Be5 1-0

[Event "Cto. de Aragón Veteranos 2018"]
[Site "?"]
[Date "2018.06.02"]
[Round "7"]
[White "Orti, Carlos"]
[Black "Navarro, Rafael"]
[Result "1-0"]
[WhiteElo "1853"]
[BlackElo "1583"]
[PlyCount "133"]

1. b3 e5 2. Bb2 Nc6 3. e3 d5 4. Bb5 Bd6 5. f4 f6 6. Bxc6+ bxc6 7. fxe5 Be7 8.
Nf3 Bg4 9. O-O Nh6 10. Qe1 O-O 11. Qg3 fxe5 12. Bxe5 Bd6 13. Nc3 Qd7 14. Bxd6
cxd6 15. Rae1 Rf6 16. Nh4 Raf8 17. Rxf6 Rxf6 18. Rf1 Re6 19. h3 Bh5 20. Nd1 Re5
21. Nf3 Re6 22. Qg5 Qe8 23. Kh1 Bg6 24. Nf2 Nf5 25. Nd3 h6 26. Qf4 Re4 27. Qh2
Qd8 28. Nf4 Bf7 29. Ne2 c5 30. Ng3 Nxg3+ 31. Qxg3 Re6 32. Qf2 Rf6 33. Qe2 Bh5
34. Qd3 Bf7 35. Nh2 Rg6 36. Ng4 h5 37. Rxf7 Rxg4 38. hxg4 Kxf7 39. Qxd5+ Kf8
40. Qxh5 Qa5 41. Qf5+ Ke7 42. Qe4+ Kf7 43. Qd5+ Ke7 44. a4 Qa6 45. Qe4+ Kf8 46.
d3 Qa5 47. Qf4+ Ke7 48. Qf2 Qc3 49. g5 Qe5 50. Qf4 Qa1+ 51. Kh2 Qd1 52. Qe4+
Kd7 53. Qb7+ Ke6 54. Qe4+ Kd7 55. d4 Qh5+ 56. Kg3 cxd4 57. Qg4+ Qxg4+ 58. Kxg4
dxe3 59. Kf3 e2 60. Kxe2 Ke6 61. Kd3 Kd5 62. b4 g6 63. c4+ Ke6 64. b5 d5 65. a5
dxc4+ 66. Kxc4 Kd6 67. Kd4 1-0

[Event "Cto. de Aragón Veteranos 2018"]
[Site "?"]
[Date "2018.06.02"]
[Round "7"]
[White "Ruiz, Jose Manuel"]
[Black "Perez, Jose Maria"]
[Result "1-0"]
[WhiteElo "1723"]
[BlackElo "1406"]
[PlyCount "75"]

1. c4 b6 2. Nf3 Bb7 3. Nc3 e6 4. a3 Nf6 5. Qc2 d5 6. cxd5 exd5 7. d4 Nbd7 8.
Bg5 Be7 9. e3 a6 10. Bd3 c5 11. O-O Rc8 12. Rae1 h6 13. Bh4 O-O 14. Bf5 Ne4 15.
Nxe4 dxe4 16. Bxe4 cxd4 17. Qb1 Bxe4 18. Qxe4 Nf6 19. Qxd4 Rc2 20. Qa4 Qc8 21.
Nd4 Rc4 22. Qb3 g5 23. Bg3 Ne4 24. Qxb6 Nd2 25. Qxh6 Qc5 26. b4 Qd5 27. Qxa6
Nxf1 28. Rxf1 Rfc8 29. h3 Bf8 30. Qf6 Bg7 31. Qf5 Qd8 32. Be5 f6 33. Bg3 Rc1
34. Rxc1 Rxc1+ 35. Kh2 Qc8 36. Qxc8+ Rxc8 37. b5 Ra8 38. b6 1-0

[Event "Cto. de Aragón Veteranos 2018"]
[Site "?"]
[Date "2018.06.02"]
[Round "7"]
[White "Lorente, Antonio"]
[Black "Ferruz, Rafael"]
[Result "1-0"]
[WhiteElo "1648"]
[BlackElo "1351"]
[PlyCount "53"]

1. e4 e5 2. Nf3 Nc6 3. Bc4 Nf6 4. Ng5 d5 5. exd5 Na5 6. Bb5+ c6 7. dxc6 bxc6 8.
Be2 h6 9. Nf3 e4 10. Ne5 Bd6 11. f4 exf3 12. Nxf3 Qb6 13. d4 Ba6 14. Nc3 Bb4
15. Bxa6 Bxc3+ 16. bxc3 Qxa6 17. Qd3 Qxd3 18. cxd3 O-O-O 19. O-O Nd7 20. Bd2
Nb7 21. c4 f6 22. Rae1 Rde8 23. Nh4 Rxe1 24. Rxe1 Kd8 25. Nf5 g6 26. Nxh6 Re8
27. Nf7+ 1-0

[Event "Cto. de Aragón Veteranos 2018"]
[Site "?"]
[Date "2018.06.02"]
[Round "7"]
[White "Arteaga, Francisco"]
[Black "Ubeda, Angel"]
[Result "1/2-1/2"]
[WhiteElo "1639"]
[BlackElo "1492"]
[PlyCount "115"]

1. e4 c5 2. Nf3 d6 3. d4 cxd4 4. Nxd4 Nf6 5. Nc3 a6 6. Be2 e5 7. Nb3 Nc6 8. Be3
Be7 9. f3 O-O 10. Qd2 Be6 11. Nd5 Bxd5 12. exd5 Nb8 13. a4 Nbd7 14. c4 Rc8 15.
Na5 Qc7 16. b4 Nh5 17. g3 f5 18. Bf2 h6 19. O-O Bg5 20. Qa2 Nhf6 21. h4 f4 22.
hxg5 fxg3 23. gxf6 gxf2+ 24. Rxf2 Nxf6 25. Qd2 Qb6 26. b5 Ne4 27. Qe1 Nxf2 28.
Qxf2 Qxa5 29. Qe3 axb5 30. cxb5 Qc3 31. Qxc3 Rxc3 32. a5 Rc2 33. Bd3 Rc5 34. a6
bxa6 35. bxa6 Ra8 36. Rb1 Rc7 37. Rb6 Rd7 38. Bb5 Rdd8 39. Bc6 Ra7 40. Bb7 h5
41. Kg2 h4 42. Rb4 g5 43. Rg4 Rd7 44. Rxg5+ Rg7 45. Rxg7+ Kxg7 46. Kh3 Kg6 47.
Kxh4 Kf5 48. Kg3 e4 49. f4 e3 50. Kf3 e2 51. Bc8+ Kf6 52. Kxe2 Rc7 53. Bb7 Rc2+
54. Kd3 Ra2 55. Kc4 Kf5 56. Kb5 Kxf4 57. Kc6 Ke5 58. Kc7 1/2-1/2

[Event "Cto. de Aragón Veteranos 2018"]
[Site "?"]
[Date "2018.06.02"]
[Round "7"]
[White "Moreno, Mario"]
[Black "Garcia, Obdulio"]
[Result "0-1"]
[WhiteElo "1652"]
[BlackElo "1667"]
[PlyCount "110"]

1. d4 d5 2. Nf3 Nf6 3. c4 c6 4. e3 Bg4 5. Nbd2 Nbd7 6. Bd3 e6 7. b3 Bb4 8. O-O
O-O 9. a3 Ba5 10. h3 Bh5 11. b4 Bc7 12. Bb2 a6 13. Qc2 Bg6 14. Rfe1 b5 15. cxb5
cxb5 16. Bxg6 hxg6 17. Rac1 Rc8 18. Qd3 Nb6 19. Ne5 Nc4 20. Nexc4 dxc4 21. Qe2
Nd5 22. Ne4 a5 23. Nc3 Nxc3 24. Bxc3 Ra8 25. Qf3 axb4 26. Bxb4 Bd6 27. Ra1 Bxb4
28. axb4 Rxa1 29. Rxa1 Qd6 30. Rb1 Qa6 31. Qd1 Rc8 32. Qc1 Qa4 33. Qc3 Ra8 34.
Kf1 Qa3 35. Qxa3 Rxa3 36. Rb2 Rb3 37. Ra2 Rxb4 38. Ke1 Rb1+ 39. Kd2 b4 40. Rc2
c3+ 41. Kd3 Rd1+ 42. Ke2 Rb1 43. Kd3 Rf1 44. e4 Rd1+ 45. Kc4 Rd2 46. Rc1 Rb2
47. Kd3 Kh7 48. f4 Rxg2 49. Ra1 c2 50. Rc1 b3 51. Kc3 Rg3+ 52. Kb2 Rxh3 53. Ra1
Kh6 54. Ra6 Rh1 55. Rc6 Rb1+ 0-1

[Event "Cto. de Aragón Veteranos 2018"]
[Site "?"]
[Date "2018.06.02"]
[Round "7"]
[White "Navales, Manuel"]
[Black "Lasierra, Javier"]
[Result "1-0"]
[WhiteElo "1573"]
[BlackElo "1442"]
[PlyCount "60"]

1. d4 d5 2. c4 e6 3. Nc3 h6 4. Nf3 Nf6 5. e3 Nc6 6. Bd3 Bd7 7. O-O b6 8. h3 Na5
9. Ne5 Bd6 10. Nxd7 Qxd7 11. cxd5 exd5 12. Bd2 O-O 13. Rc1 a6 14. f4 Nb7 15.
Qf3 c5 16. Ne2 b5 17. Ng3 g6 18. f5 Bxg3 19. Qxg3 g5 20. h4 g4 21. Qf4 Kh7 22.
e4 Ng8 23. f6 Nd8 24. e5+ Kh8 25. Bf5 Ne6 26. Qxg4 Nxf6 27. exf6 Rg8 28. Qh5
Rxg2+ 29. Kxg2 Rg8+ 30. Kf2 Ng7 1-0

[Event "Cto. de Aragón Veteranos 2018"]
[Site "?"]
[Date "2018.06.02"]
[Round "7"]
[White "Cervera, Ramon"]
[Black "Obis, Joaquin"]
[Result "1/2-1/2"]
[WhiteElo "1448"]
[BlackElo "1259"]
[PlyCount "107"]

1. c4 Nf6 2. Nc3 e6 3. d4 d5 4. c5 Nc6 5. Bg5 h6 6. Bh4 Be7 7. e3 a6 8. a3 e5
9. dxe5 Nxe5 10. Bxf6 Bxf6 11. Nxd5 O-O 12. Nxf6+ Qxf6 13. b4 a5 14. b5 Nd7 15.
Rc1 Ne5 16. Be2 Be6 17. Nf3 Rfd8 18. Qc2 Bd5 19. e4 Nxf3+ 20. Bxf3 Qe5 21. O-O
Be6 22. Rfd1 c6 23. b6 a4 24. h4 Bb3 25. Rxd8+ Rxd8 26. Qc3 Qxc3 27. Rxc3 Rd7
28. Bg4 Rd8 29. f4 Kf8 30. Re3 Ke7 31. Kf2 Rd2+ 32. Re2 Rd4 33. Bc8 Bc4 34. Re3
Ba6 35. Kf3 Kd8 36. Bh3 Bc4 37. g4 Rd1 38. Bg2 Rd2 39. g5 h5 40. f5 Bb3 41. e5
Bd5+ 42. Kf4 Bxg2 43. e6 fxe6 44. Rxe6 Rd7 45. Rd6 Ke7 46. Rxd7+ Kxd7 47. Ke5
Ke7 48. f6+ gxf6+ 49. gxf6+ Kf7 50. Kf5 Bh3+ 51. Ke5 Bf1 52. Kf5 Bc4 53. Kg5
Be2 54. Kf5 1/2-1/2

[Event "Cto. de Aragón Veteranos 2018"]
[Site "?"]
[Date "2018.06.02"]
[Round "7"]
[White "Gutierrez, Manuel"]
[Black "Pardo, Venancio"]
[Result "1-0"]
[WhiteElo "1320"]
[BlackElo "1491"]
[PlyCount "83"]

1. c4 Nf6 2. d4 d5 3. cxd5 Nxd5 4. e4 Nb6 5. Nc3 e6 6. a3 Be7 7. Bd3 O-O 8. Bc2
c6 9. e5 Nd5 10. Qd3 g6 11. Bh6 Re8 12. Nf3 b6 13. Qd2 Ba6 14. h4 Nd7 15. h5 f5
16. Ng5 Bf8 17. hxg6 hxg6 18. Nxd5 cxd5 19. Bb3 Bxh6 20. Rxh6 Nf8 21. Nxe6 Rxe6
22. Qf4 g5 23. Qh2 Rxh6 24. Qxh6 Bb7 25. Bc2 Bc8 26. Kd2 Qe7 27. Rh1 Qg7 28.
Qc6 Bb7 29. Qb5 Qd7 30. Qxd7 Nxd7 31. Rh5 Nf8 32. Rxg5+ Kh8 33. Bxf5 Re8 34. f4
Bc8 35. Bxc8 Rxc8 36. f5 Kh7 37. Rh5+ Kg7 38. g4 Nh7 39. g5 Rf8 40. g6 Nf6 41.
exf6+ Rxf6 42. Ke3 1-0

[Event "Cto. de Aragón Veteranos 2018"]
[Site "?"]
[Date "2018.06.02"]
[Round "7"]
[White "Lopez, Jesus"]
[Black "Otal, Jose Miguel"]
[Result "1-0"]
[WhiteElo "1259"]
[BlackElo "1405"]
[PlyCount "97"]

1. e4 c5 2. f4 d5 3. exd5 Qxd5 4. Nc3 Qd8 5. Nf3 e6 6. Bc4 h6 7. O-O Nf6 8. f5
Be7 9. fxe6 Bxe6 10. Bxe6 fxe6 11. Qe2 Qc8 12. Ne5 O-O 13. d3 Qe8 14. a4 a6 15.
Be3 Nbd7 16. Nc4 Rc8 17. Bd2 Rc6 18. Rae1 Bd8 19. Bf4 Be7 20. Na5 Rb6 21. b3
Qd8 22. Ne4 e5 23. Bd2 Qc7 24. Ng3 Rf7 25. Nc4 Re6 26. Qf3 Nf8 27. Ba5 Qb8 28.
Qf5 Bd6 29. Ne4 Be7 30. Bc3 g6 31. Qh3 h5 32. Ng5 Qc8 33. Nxf7 Kxf7 34. Nxe5+
Kg7 35. Nc4 Qc6 36. Rxe6 Nxe6 37. Qf3 Qxf3 38. Rxf3 Nd4 39. Bxd4 cxd4 40. h3
Nd5 41. Kf2 h4 42. Ke2 Nc3+ 43. Kf1 Bf6 44. g4 g5 45. Nd6 b6 46. Ne8+ Kf7 47.
Nxf6 b5 48. Nd5+ Ke6 49. Nxc3 1-0